| 000 | 00645nam a2200169Ia 4500 | ||
|---|---|---|---|
| 008 | 090201s9999 xx 000 0 und d | ||
| 010 | _aKPL-65865 | ||
| 040 | _bमराठी | ||
| 041 | _aमराठी | ||
| 082 |
_a2397 _b65865 |
||
| 100 | _aधीरेन गाला | ||
| 245 |
_aनेत्ररक्षा आणि दृष्टिदोष निवारण _cधीरेन गाला |
||
| 260 |
_c2004 _bजे एस् गाला प्रकाशन |
||
| 300 |
_a136 _bमध्यम |
||
| 600 | _aनेत्ररक्षा आणि दृष्टिदोष निवारण | ||
| 942 | _cBOOK | ||
| 999 |
_c203490 _d203490 |
||